MARC

LEADER 00000nam0a2200000 4500
001 199298
005 20231031184201.0
010 |a 5120012671 
020 |a RU  |b 91-5334 
035 |a (RuTPU)RU\TPU\book\217325 
090 |a 199298 
100 |a 20110728d1990 m a0rusy5003 ca 
101 0 |a rus 
102 |a UA 
105 |a a z 001zy 
200 1 |a Динамические эффекты в многокомпонентном газе квазичастиц  |f М. С. Бородин [и др.]  |g Академия наук Украинской ССР (АН УССР), Институт физики (ИФ) 
210 |a Киев  |c Наукова думка  |d 1990 
215 |a 172,[1] с.  |c ил.  |d 21 см 
320 |a Библиогр.: с. 158-171. 
610 1 |a фотоны 
610 1 |a кристаллы 
610 1 |a квазичастицы 
610 1 |a взаимодействие с веществом 
610 1 |a возбужденное состояние 
610 1 |a динамика 
675 |a 539.2:539.1  |z rus 
701 1 |a Бородин  |b М. С.  |g Михаил Семенович 
701 1 |a Блонский  |b И. В.  |g Иван Васильевич 
701 1 |a Ницович  |b Б. М.  |g Богдан Михайлович 
701 1 |a Ницович  |b В. В.  |g Василий Владимирович 
712 0 2 |a Академия наук Украинской ССР (АН УССР)  |b Институт физики (ИФ)  |2 stltpush  |3 (RuTPU)RU\TPU\col\12595 
801 0 |a RU  |b RuMRKP  |c 19950417  |g psbo 
801 1 |a RU  |b 63413507  |c 20110728 
801 2 |a RU  |b 63413507  |c 20110817  |g RCR 
942 |c BK